[Event "OP-2014-0-03464"]
[Site "LSS email"]
[Date "2014.08.11"]
[Round "?"]
[White "Csoma, Kristof"]
[Black "Lauer, Fredric"]
[Result "1-0"]
[WhiteElo "990"]
[BlackElo "1065"]
[PlyCount "45"]
[EventDate "2014.08.06"]
[EventType "tourn (corr)"]
[EventRounds "4"]
[EventCountry "GER"]
[SourceTitle "Corr 2015"]
[Source "ChessBase"]
[SourceDate "2015.07.17"]
[SourceVersion "1"]
[SourceVersionDate "2015.07.17"]
[SourceQuality "1"]

1. Nf3 g6 2. g3 Bg7 3. Bg2 Nf6 4. 0-0 0-0 5. c4 c5 6. Nc3 Nc6 7. d4 cxd4 8. Nxd4 Nxd4 9. Qxd4 e6 10. e4 Nd5 11. e5 Nxc3 12. Qxc3 Qc7 13. Re1 Rb8 14. Bg5 b5 15. Be7 Qxc4 16. Bxf8 Kxf8 17. Qxc4 bxc4 18. Bf1 Rxb2 19. Bxc4 Bb7 20. a3 Rc2 21. Bb5 d6 22. Ba4 Rd2 23. Rab1 1-0